| 000 | 01686nam a2200481 i 4500 | ||
|---|---|---|---|
| 001 | 25786 | ||
| 003 | KOSZ 005 | ||
| 005 | 20200721082636.0 | ||
| 008 | 200721s1973 pl a f |000 0 pol | ||
| 015 | _aUWD 1974/1796 | ||
| 035 | _a991027878979705066 | ||
| 035 | _a(PL-WaBN)b17553027-48omnis_nlop | ||
| 035 | _ab17553027 | ||
| 035 | _a(OCoLC)749522977 | ||
| 035 | _a(PL)b0000001755302 | ||
| 035 | _a(EXLNZ-48OMNIS_NETWORK)9910214927105606 | ||
| 040 |
_aWA N _cWA N _dKOSZ 005/RW |
||
| 046 | _k1973 | ||
| 080 | _a621.315 | ||
| 080 | _a(075.8) | ||
| 100 | 1 |
_aKinsner, Kazimierz _d(1924-1996) _eAutor |
|
| 245 | 1 | 0 |
_aNapowietrzne i kablowe linie elektroenergetyczne / _cKazimierz Kinsner. |
| 260 |
_aWrocław : _bPaństwowe Wydawnictwo Naukowe, _c1973. |
||
| 300 |
_a265, [1] stron : _bilustracje, wykresy, errata ; _c24 cm. |
||
| 336 |
_aTekst _btxt _2rdacontent |
||
| 337 |
_aBez urządzenia pośredniczącego _bn _2rdamedia |
||
| 338 |
_aWolumin _bnc _2rdacarrier |
||
| 380 | _aKsiążki | ||
| 380 | _aPublikacje dydaktyczne | ||
| 388 | 1 | _a1901-2000 | |
| 388 | 1 | _a1945-1989 | |
| 504 | _aBibliografia na stronach [261]-265. | ||
| 521 | 8 | _aSkrypt dla studentów wydziałów elektrycznych kursu inżynierskiego i magisterskiego. | |
| 650 | 7 |
_aKable _2DBN |
|
| 650 | 7 | _aLinie elektryczne napowietrzne | |
| 650 | 7 | _aProjektowanie | |
| 655 | 7 | _aPodręczniki akademickie | |
| 658 | _aInżynieria i technika | ||
| 710 | 2 |
_aPaństwowe Wydawnictwo Naukowe _4pbl |
|
| 856 |
_uhttp://koha.tu.koszalin.pl/cgi-bin/koha/opac-detail.pl?biblionumber=25786 _yKatalog online BPK |
||
| 942 |
_2UKD _cKS |
||
| 999 |
_c25786 _d25786 |
||